| 000 | 00000nam##2200000za#4500 |
| 001 | 9.689259 |
| 003 | CaOODSP |
| 005 | 20210624231820 |
| 007 | cr ||||||||||| |
| 008 | 150407|2007||||xxc|||||o f|0| 0 eng|d |
| 020 | |a978-0-662-45028-3 |
| 040 | |aCaOODSP|beng |
| 043 | |an-cn--- |
| 086 | 1 |aH21-286/5-2007E-PDF |
| 110 | 1 |aCanada.|bHealth Canada. |bHealth Policy Branch. |
| 245 | 10|aPrimary Health Care Transition Fund. Laying the groundwork for culture change : |h[electronic resource]|bthe legacy of the Primary Health Care Transition Fund / |c[prepared by] Sheila Weatherill. |
| 246 | 3 |aSynthesis series on sharing insights |
| 260 | |aOttawa - Ontario : |bHealth Canada. |cMarch 2007. |
| 300 | |a42p.|breferences |
| 590 | |a11-17-Supp|b2011-09-12 |
| 720 | 1 |aWeatherill, Sheila |
| 775 | 08|tFonds pour l'adaptation des soins de santé primaires. Poser les fondements d'un changement culturel : |w(CaOODSP)9.633678 |
| 856 | 40|ahttp://publications.gc.ca|qPDF|s561 KB|uhttps://publications.gc.ca/collections/collection_2011/sc-hc/H21-286-5-2007-eng.pdf |
| 986 | |aHC Pub.: 1253 |